[Event "Asian-ch Seniors 50 zt 3.4"]
[Site "Chess.com INT"]
[Date "2020.07.16"]
[Round "7.4"]
[White "Mukanov, Saltanat"]
[Black "Imanaliev, Taalaibek"]
[Result "1-0"]
[WhiteElo "2233"]
[BlackElo "2212"]
[PlyCount "109"]
[EventDate "2020.07.16"]
[EventType "swiss"]
[EventRounds "7"]
[EventCountry "UZB"]
[SourceTitle "EXT 2024"]
[Source "ChessBase"]
[SourceDate "2023.10.10"]
[SourceVersion "1"]
[SourceVersionDate "2023.10.10"]
[SourceQuality "1"]

1. e4 c5 2. Nf3 d6 3. d4 cxd4 4. Nxd4 Nf6 5. Nc3 a6 6. Bc4 e6 7. 0-0 Nxe4 8. Nxe4 d5 9. Bd3 dxe4 10. Bxe4 Be7 11. c3 0-0 12. Qf3 Qb6 13. Nb3 Nc6 14. Be3 Qc7 15. Bxc6 bxc6 16. Bc5 e5 17. Rfe1 Bxc5 18. Nxc5 Rb8 19. b4 a5 20. a3 f6 21. Re3 Ra8 22. Rae1 axb4 23. cxb4 Rd8 24. Rc3 Rd4 25. h3 Qd6 26. Rec1 Qd5 27. Qxd5+ cxd5 28. Nb3 Rc4 29. Rxc4 dxc4 30. Na5 Be6 31. Rc2 Rc8 32. Rc3 Rd8 33. f3 Rd1+ 34. Kf2 Rd2+ 35. Kg3 Ra2 36. b5 Rb2 37. a4 Rb4 38. Nc6 Rb3 39. Rc1 c3 40. a5 Rxb5 41. a6 Rb2 42. Rxc3 Ra2 43. Nb4 Ra4 44. Rc6 Bf5 45. Rb6 Kf7 46. Nc6 Bd7 47. Nb8 Bc8 48. Rc6 Be6 49. Rc7+ Kg6 50. a7 Bd5 51. Nd7 Ra6 52. Nf8+ Kh6 53. Nd7 g5 54. h4 Kg6 55. h5+ 1-0

[Event "Wch Seniors 50 28th"]
[Site "Bled"]
[Date "2018.11.29"]
[Round "11"]
[White "Mukanov, Saltanat"]
[Black "Cummings, David H"]
[Result "1/2-1/2"]
[WhiteElo "2250"]
[BlackElo "2331"]
[PlyCount "71"]
[EventDate "2018.11.18"]
[EventType "swiss"]
[EventRounds "11"]
[EventCountry "SLO"]
[SourceTitle "CBM 187 Extra"]
[Source "ChessBase"]
[SourceDate "2018.11.04"]
[SourceVersion "1"]
[SourceVersionDate "2018.11.04"]
[SourceQuality "1"]

1. e4 e5 2. f4 exf4 3. Nf3 Nf6 4. e5 Nh5 5. Qe2 Be7 6. d4 g6 7. Nc3 d5 8. exd6 cxd6 9. Qb5+ Bd7 10. Qxb7 Nc6 11. Bb5 Rb8 12. Qa6 Rb6 13. Qa4 Bh4+ 14. Kd1 a6 15. Bxa6 0-0 16. Bb5 Re8 17. Nd5 Rxb5 18. Qxb5 Ne7 19. Nxe7+ Qxe7 20. Qf1 Bf5 21. Bd2 Qe4 22. Qd3 Qe7 23. Qf1 Qe4 24. Rc1 Bg3 25. Rg1 Bxh2 26. Nxh2 Qxd4 27. Nf3 Bg4 28. c3 Qc5 29. Be1 Qd5+ 30. Bd2 Ng3 31. Qf2 Nf5 32. c4 Qd3 33. Rc3 Qb1+ 34. Rc1 Qd3 35. Rc3 Qb1+ 36. Rc1 1/2-1/2

[Event "Wch Seniors 50 28th"]
[Site "Bled"]
[Date "2018.11.25"]
[Round "7"]
[White "Mukanov, Saltanat"]
[Black "Chan, Peng Kong"]
[Result "1/2-1/2"]
[WhiteElo "2250"]
[BlackElo "2169"]
[PlyCount "95"]
[EventDate "2018.11.18"]
[EventType "swiss"]
[EventRounds "11"]
[EventCountry "SLO"]
[SourceTitle "CBM 187 Extra"]
[Source "ChessBase"]
[SourceDate "2018.11.04"]
[SourceVersion "1"]
[SourceVersionDate "2018.11.04"]
[SourceQuality "1"]

1. e4 c5 2. Nf3 e6 3. d4 cxd4 4. Nxd4 a6 5. Nc3 Qc7 6. Be2 Nf6 7. 0-0 Nc6 8. Be3 d6 9. f4 Bd7 10. Qe1 Be7 11. Qg3 0-0 12. e5 dxe5 13. fxe5 Nxd4 14. Bxd4 Bc5 15. Qe3 Bxd4 16. Qxd4 Nd5 17. Nxd5 exd5 18. Bd3 Rae8 19. Rae1 Be6 20. a3 Qd8 21. Re3 Qg5 22. Rfe1 Re7 23. Be2 Rc7 24. c3 Rd8 25. Rf1 Re8 26. Re1 Rd8 27. Rf1 Re8 28. Bd3 Rce7 29. Rfe1 g6 30. Be2 Rc7 31. h4 Qe7 32. g3 Qc5 33. Qxc5 Rxc5 34. Rd1 Kf8 35. Bf3 a5 36. Kf2 a4 37. Red3 Bf5 38. Rxd5 Rxe5 39. Rxe5 Rxe5 40. Rd5 Rxd5 41. Bxd5 b6 42. b3 axb3 43. Bxb3 Ke7 44. Ke3 f6 45. Kd4 Kd6 46. Bd1 g5 47. hxg5 fxg5 48. g4 1/2-1/2